000 00583nam a2200205Ia 4500
008 180921t1958 xxu||||| |||| 00| 0 sin d
041 _asin
080 _a54
_b
100 _aBrowning
245 _aප්‍රයෝගික රසායන විද්‍යාව
246 _aPrayoogika rasaayana vidyaava
260 _bEducation depatment
_c1958
300 _a193p., 21 cm
650 _aChemistry
700 _aJoseph
_pVijayathunga Harichandra
_eed.
700 _aKarunananda M.W.
_eed.
942 _cBK
999 _c12690
_d12690
003 LK-CoDNM
040 _aLK-CoDNM
_dLK-CoDNM
_eLK-CoDNM